000 00374 a2200169 4500
001 44240
020 _a8516031160
040 _cAnchieta - Aquarius
100 _aBelinky, Tatiana
240 1 0 _aSaladinha de queixas
_lpor
245 1 0 _aSaladinha de queixas
300 _a31
362 0 _a2002
440 1 _aModerna
650 4 _aLiteratura infanto-juvenil
942 _cBK
999 _c44240
_d44240